Elementary forestry / (Record no. 31576)

MARC details
000 -LEADER
fixed length control field 00860pam a2200289 a 4500
001 - CONTROL NUMBER
control field 1841807
003 - CONTROL NUMBER IDENTIFIER
control field OSt
005 - DATE AND TIME OF LATEST TRANSACTION
control field 20220224112955.0
008 - FIXED-LENGTH DATA ELEMENTS--GENERAL INFORMATION
fixed length control field 810224s1981 vaua b 001 0 eng
010 ## - LIBRARY OF CONGRESS CONTROL NUMBER
LC control number 81001739
020 ## - INTERNATIONAL STANDARD BOOK NUMBER
International Standard Book Number 0835916472
040 ## - CATALOGING SOURCE
Original cataloging agency DLC
Transcribing agency HU
Modifying agency DLC
043 ## - GEOGRAPHIC AREA CODE
Geographic area code n-us---
050 00 - LIBRARY OF CONGRESS CALL NUMBER
Classification number SD373
Item number .C62
082 00 - DEWEY DECIMAL CLASSIFICATION NUMBER
Classification number 634.9
Edition number 19
100 1# - MAIN ENTRY--PERSONAL NAME
Personal name Collins, B. McManus.
9 (RLIN) 31534
245 10 - TITLE STATEMENT
Title Elementary forestry /
Statement of responsibility, etc. B. McManus Collins, Fred M. White.
260 ## - PUBLICATION, DISTRIBUTION, ETC.
Place of publication, distribution, etc. Reston, Va. :
Name of publisher, distributor, etc. Reston Pub. Co.,
Date of publication, distribution, etc. c1981.
300 ## - PHYSICAL DESCRIPTION
Extent xii, 211 p. :
Other physical details ill. ;
Dimensions 24 cm.
500 ## - GENERAL NOTE
General note Includes index.
504 ## - BIBLIOGRAPHY, ETC. NOTE
Bibliography, etc. note Bibliography: p. 189-204.
650 #0 - SUBJECT ADDED ENTRY--TOPICAL TERM
Topical term or geographic name entry element Forests and forestry.
9 (RLIN) 11238
650 #0 - SUBJECT ADDED ENTRY--TOPICAL TERM
Topical term or geographic name entry element Forests and forestry
Geographic subdivision United States.
9 (RLIN) 23355
700 1# - ADDED ENTRY--PERSONAL NAME
Personal name White, Fred M.
9 (RLIN) 11833
906 ## - LOCAL DATA ELEMENT F, LDF (RLIN)
a 7
b cbc
c orignew
d 1
e ocip
f 19
g y-gencatlg
942 ## - ADDED ENTRY ELEMENTS (KOHA)
Source of classification or shelving scheme Dewey Decimal Classification
Koha item type Books like text book referance book
Suppress in OPAC No
Holdings
Withdrawn status Lost status Source of classification or shelving scheme Damaged status Not for loan Collection code Home library Current library Shelving location Date acquired Total Checkouts Full call number Barcode Date last seen Copy number Price effective from Koha item type
    Dewey Decimal Classification     Reference Wondo Genet Library Wondo Genet Library General Stacks 02/24/2022   634.9 COL 1981 WGCFNRL00011811 02/24/2022 1 02/24/2022 Books like text book referance book
    Dewey Decimal Classification     Reference Wondo Genet Library Wondo Genet Library General Stacks 02/24/2022   634.9 COL 1981 WGCFNRL00011812 02/24/2022 2 02/24/2022 Books like text book referance book
    Dewey Decimal Classification     Reference Wondo Genet Library Wondo Genet Library General Stacks 03/17/2022   634.9 COL 1981 HUWGCFNRL00013658 03/17/2022 3 03/17/2022 Books like text book referance book
    Dewey Decimal Classification     Reference Wondo Genet Library Wondo Genet Library General Stacks 04/06/2022   634.9 COL 1981 WGCFNRL00016639 04/06/2022 4 04/06/2022 Books like text book referance book